000 00827cam a2200229 a 4500
020 _a1550282212 (pbk.)
020 _a1550282239
082 0 0 _a327.20954
_bKAS
_cD
100 1 _aKashmeri, Zuhair.
_937785
245 1 0 _aSoft target :
_bhow the Indian intelligence service penetrated Canada /
_cZuhair Kashmeri and Brian McAndrew.
260 _aToronto :
_bJ. Lorimer,
_c1989.
300 _axiv, 162 p., [8] p. of plates :
_bill. ;
_c24 cm.
526 _a0
_b0
_c0
_d327_209540000000000_KAS
526 _a0
_b0
_c0
_d327_209540000000000_KAS
650 0 _aAircraft accidents
_zCanada.
_937786
650 0 _aBombings
_zCanada
_xHistory
_937787
650 0 _aMCE
_9379
650 0 _aSikhs
_zCanada
_xPolitics and government.
_937788
650 0 _aTerrorism
_zCanada
_xHistory
_937789
700 1 _aMcAndrew, Brian.
_937790
942 _2ddc
_cBK
999 _c542570
_d542570